000 01220nam a2200265 i 4500
003 DO-SdBNP
005 20250512124417.0
007 ta
008 250512b2024 dr a | |||| 00| 0 spa d
020 _a9789945100716
040 _aDO-SdBNP
_bspa
_cBNPHU
_erda
082 _axxxx
_bSA237
_222
100 1 _aSantos, Dulce Elvira de los
_eautora
_4aut.
_937867
245 1 3 _aLa patineta roja de mamá gallina /
_cDulce Elvira de los Santos ; ilustraciones, Henry Cid
264 1 _aSanto Domingo :
_bEditora Búho,
_bCocolo editorial,
_c2024.
300 _a35 páginas :
_bilustraciones,
_c23 cm.
336 _atexto
_btxt
_2rdacontent
337 _asin mediación
_bn
_2rdamedia
338 _avolumen
_bnc
_2rdacarrier
520 _aEs una historia muy inspiradora que habla de cómo tres pollitos deciden ahorrar granos de maíz para darle una sorpresa a mamá Gallina el día de su cumpleaños. Transmite valores como el amor, la perseverancia y la solidaridad familiar. Nos muestra que con esfuerzo y trabajo en equipo se pueden lograr objetivos importantes, incluso los más pequeños.
590 _aInventariado, 2025/ YL
700 1 _aCib, Henry
_eilustraciones
_4il.
_987743
910 _aYLockward
942 _2ddc
_cLF2
999 _c59009
_d59009